<?xml version="1.0" encoding="UTF-8"?>
<record
    xmlns:xsi="http://www.w3.org/2001/XMLSchema-instance"
    xsi:schemaLocation="http://www.loc.gov/MARC21/slim http://www.loc.gov/standards/marcxml/schema/MARC21slim.xsd"
    xmlns="http://www.loc.gov/MARC21/slim">

  <leader>01730cam a2200133   4500500</leader>
  <controlfield tag="005">20260329030701.0</controlfield>
  <datafield tag="041" ind1=" " ind2=" ">
    <subfield code="a">fre</subfield>
  </datafield>
  <datafield tag="042" ind1=" " ind2=" ">
    <subfield code="a">dc</subfield>
  </datafield>
  <datafield tag="100" ind1="1" ind2="0">
    <subfield code="a">Corbill&#xE9;, Sophie</subfield>
    <subfield code="e">author</subfield>
  </datafield>
  <datafield tag="245" ind1="0" ind2="0">
    <subfield code="a">Paris bourgeoise, Paris boh&#xE8;me : la ru&#xE9;e vers l'Est</subfield>
  </datafield>
  <datafield tag="260" ind1=" " ind2=" ">
    <subfield code="b">Presses Universitaires de France,
									</subfield>
    <subfield code="c">2013.
										</subfield>
  </datafield>
  <datafield tag="520" ind1=" " ind2=" ">
    <subfield code="a">Depuis une trentaine d&#x2019;ann&#xE9;es, les quartiers traditionnellement populaires du nord-est de Paris sont l&#x2019;objet de changements profonds: installation des classes moyennes sup&#xE9;rieures souvent d&#xE9;sign&#xE9;es comme les &#xAB;bobos&#xBB;, r&#xE9;habilitation du b&#xE2;ti, &#xAB;embellissement&#xBB; des espaces publics ou encore ouverture de nouveaux commerces et lieux &#xAB;branch&#xE9;s&#xBB;. Cet ouvrage s&#x2019;attache &#xE0; comprendre la fabrication de ce nouveau monde urbain qui prend forme autour des rues des faubourgs et des anciens villages des 10e, 11e, 18e, 19e, 20e et 12e arrondissements. Il en d&#xE9;crit les acteurs (habitants, commer&#xE7;ants, associatifs, journalistes, politiques, etc.), etles processus sociaux, &#xE9;conomiques et symboliques sur lesquelsil repose.&#xC0;travers l&#x2019;enqu&#xEA;te ethnologique, l&#x2019;ouvrage propose&#xE9;galement une analyse de ce que la gentrification fait &#xE0; la g&#xE9;ographie parisienne, montrant que les comp&#xE9;titions sociales et symboliques participent &#xE0; transformer la capitale et &#xE0; faire &#xE9;voluer ses fronti&#xE8;res, dans un contexte de m&#xE9;tropolisation et de globalisation. Une ville bourgeoise et branch&#xE9;e, mais aussi un Paris entre permanence et changement, qui entretient des rapports de comp&#xE9;tition et d&#x2019;&#xE9;mulation avec d&#x2019;autres territoires, proches et lointains.</subfield>
  </datafield>
  <datafield tag="856" ind1="4" ind2="1">
    <subfield code="u">https://shs.cairn.info/paris-bourgeoise-paris-boheme-la-ruee-vers-l-est--9782130619680?lang=fr&amp;redirect-ssocas=7080</subfield>
  </datafield>
  <datafield tag="999" ind1=" " ind2=" ">
    <subfield code="c">1946338</subfield>
    <subfield code="d">1946338</subfield>
  </datafield>
</record>
